| 000 | 01735cam a22004694i 4500 | ||
|---|---|---|---|
| 003 | PE-LiUPU | ||
| 005 | 20250731173502.0 | ||
| 008 | 150616s1993 miu rb 000 0 eng d | ||
| 020 | _a0664218458 | ||
| 035 | _a(Sirsi) i9780664218454 | ||
| 040 |
_aPE-LiUPU _bspa _cPE-LiUPU _erda |
||
| 049 | _aPRUA | ||
| 082 | 0 | 4 |
_a221.07 _bOTL _221 |
| 100 |
_aJaphet, Sara _eautor _91333 |
||
| 245 | 1 | 0 |
_aI & II Chronicles : _bA commentary / _cSara Japhet. |
| 264 | 1 |
_aKentucky, Louisville : _bWestminster/John Knox Press, _c1993. |
|
| 300 |
_a1077 páginas ; _c23 centímetros. |
||
| 336 |
_atext _2rdacontent |
||
| 337 |
_aunmediated _2rdamedia |
||
| 338 |
_avolume _2rdacarrier |
||
| 490 | 0 | _a(The Old Testament Library) | |
| 504 | _aIncluye bibliografía. | ||
| 505 | 0 | _aName of The book and its place in the canon -- Scope and extent of the chronicler's work -- Contents and basics structure -- The author ad his time -- Text and versions -- Literary geenre and forms -- Language and style Cronicas. | |
| 526 | _aSEG42 | ||
| 526 | _aSEG41 | ||
| 526 | _aSEG40 | ||
| 526 | _aSEG39 | ||
| 526 | _aP94 | ||
| 526 | _aP87 | ||
| 526 | _aP86 | ||
| 526 | _aP85 | ||
| 526 | _aP77 | ||
| 526 | _aP76 | ||
| 526 | _aP35 | ||
| 630 |
_aBiblia. _pI Crónicas _xCrítica e interpretación |
||
| 630 | 0 |
_aBiblia. _pCorintios _xCrítica, interpretación etc. _91285 |
|
| 910 | _ajck | ||
| 942 |
_2ddc _cBK |
||
| 949 |
_a221.07 OTL 13 _wDEWEY _c1 _i40319 _d2016-10-20 _e2016-10-20 _lCCODEBUL1 _mBUL _n1 _r0 _sY _tBOOK _u2015-6-16 _xTEOLOGIA _zUNKNOWN _0COMPRA _o.STAFF. Colección Teología |
||
| 999 |
_c58122 _d58122 |
||
| 980 |
_81 _gALBERTO SANCHEZ Responsable de Automatización |
||